• Lurie, Salmon Yakovlevich.

di Personal Name

Records bibliografici associati: 1

001 - CONTROL NUMBER

  • control field: 57112

003 - CONTROL NUMBER IDENTIFIER

  • control field:

005 - DATE AND TIME OF LATEST TRANSACTION

  • control field: 20180511090816.0

008 - FIXED-LENGTH DATA ELEMENTS

  • fixed length control field: 180511|| aca||aabn | a|a d

040 ## - CATALOGING SOURCE

  • Original cataloging agency:
  • Transcribing agency:

100 ## - HEADING--PERSONAL NAME

  • Personal name: Lurie, Salmon Yakovlevich.
  • Fuller form of name: (Solomon Luria Yakovlevich),
  • Dates associated with a name: 1891-1964.

670 ## - SOURCE DATA FOUND

  • Source citation: Work cat.: ()0: Democritus, ca. 460 a. C.- ca. 370 a. C. 57108, Democrito :, c2007.
CREDITS: SOCIETA' SAN PAOLO Via A.Severo, 58 - ROMA (RM) & PERIODICI SAN PAOLO SRL Via Giotto, 36 MILANO & CISF Via Giotto, 36 MILANO & EDIZIONI SAN PAOLO SRL,  Piazza Soncino, 5 CINISELLO BALSAMO (MI) -- ITALY